Prediktívne riadenie lineárnych systémov
Na minha lista:
| Autor principal: | |
|---|---|
| Outros Autores: | |
| Formato: | Manuscrito Livro |
| Idioma: | eslovaco |
| Publicado em: |
Bratislava :
STU v Bratislave FEI,
2025
|
| Assuntos: | |
| Acesso em linha: | https://opac.crzp.sk/?fn=detailBiblioFormChildK12O9D&sid=8D80AD18777FCC7F6BB6B14DC29E&seo=CRZP-detail-kniha |
| Tags: |
Sem tags, seja o primeiro a adicionar uma tag!
|
MARC
| LEADER | 00000ntm a22000003a 4500 | ||
|---|---|---|---|
| 001 | stuzp102237 | ||
| 003 | SK-STU | ||
| 005 | 20260209144404.6 | ||
| 007 | ta | ||
| 008 | 150427s2015----xo-----f-mn---000-0-slo-d | ||
| 040 | |a STU |b slo | ||
| 041 | 0 | |a slo | |
| 044 | |a xo | ||
| 100 | 1 | |a Gajdoš, Jakub |u 031000 |4 aut |U FEI Fakulta elektrotechniky a informatiky |T FEI Ústav robotiky a kybernetiky |X 116893 |U E011 |Y 356 |7 116893 | |
| 242 | 0 | 1 | |a Linear Model Predictive Control |y eng |
| 245 | 1 | 0 | |a Prediktívne riadenie lineárnych systémov |
| 260 | |a Bratislava : |b STU v Bratislave FEI, |c 2025 | ||
| 300 | |a 53 s. | ||
| 650 | 4 | |a MPC |2 slo | |
| 650 | 4 | |a porucha |2 slo | |
| 650 | 4 | |a MATLAB |2 slo | |
| 650 | 4 | |a prediktívne riadenie |2 slo | |
| 650 | 4 | |a lineárny systém |2 slo | |
| 650 | 4 | |a optimalizácia |2 slo | |
| 650 | 4 | |a MPC |2 eng | |
| 650 | 4 | |a predictive control |2 eng | |
| 650 | 4 | |a linear system |2 eng | |
| 650 | 4 | |a optimization |2 eng | |
| 650 | 4 | |a disturbance |2 eng | |
| 650 | 4 | |a MATLAB |2 eng | |
| 700 | 1 | |a Dodek, Martin |u 031000 |k Z1 |4 ths |U FEI Fakulta elektrotechniky a informatiky |T FEI Ústav robotiky a kybernetiky |X 80499 |U E011 |Y 356 |7 80499 | |
| 856 | 4 | |u https://opac.crzp.sk/?fn=detailBiblioFormChildK12O9D&sid=8D80AD18777FCC7F6BB6B14DC29E&seo=CRZP-detail-kniha | |